000 00290nam a2200121 a 4500
005 20140414093834.0
008 030610s19uu xx 00 eng d
050 _aCDR 574
_bINT 1997
245 _aInteractive concepts in Biology.
650 _aBiology.
942 _cAVM
999 _c108916
_d108916